000 00726nam a2200265Ia 4500
003 OSt
005 20220927105739.0
006 a|||||r|||| 00| 0
007 ta
008 220926b |||||||| |||| 00| 0 eng d
024 _a208529
037 _cReference Collections
040 _aRTL
_cRTL
_beng
041 _2eng
_aeng
082 _a"Y15, Q2/UN"
100 _aCBGA
_9374675
110 _aCBGA
_9374676
245 0 _a"Recognising gender biases,rethinking budgets"
260 _a"Newyork,"
_bCBGA
_c2012
300 _a212p
_ccm.
500 _aBibliography: P 595-613; Glossary: P 575-93
700 _aCBGA
_9374675
942 _h"Y15, Q2/UN"
_cCC
999 _c694340
_d694340